| 000 -ლიდერი |
| ფიქსირებული სიგრძის საკონტროლო ველი |
01370nam a22002057a 4500 |
| 003 - საკონტროლო ნომრის იდენტიფიკატორი |
| საკონტროლო ველი |
Ge_BSU |
| 005 - ბოლო ოპერაციის თარიღი და დრო |
| საკონტროლო ველი |
20230123162232.0 |
| 008 - ფიქსირებული სიგრძის მონაცემთა ელემენტები - ზოგადი ინფორმაცია |
| ფიქსირებული სიგრძის საკონტროლო ველი |
230123s2019 ge ||||| |||| 00| 0 geo d |
| 020 ## - წიგნის საერთაშორისო სტანდარტული ნომერი |
| International Standard Book Number |
9789941815119 |
| 041 ## - ენის კოდი |
| Language code of text/sound track or separate title |
geo |
| 080 ## - უნივერსალური ათობითი კლასიფიკაციის ინდექსი |
| Universal Decimal Classification number |
631.41(075.8) მ-30 |
| 100 ## - მთავარი ჩანაწერი - პიროვნების სახელი |
| Personal name |
მარგველაშვილი, გოგოლა |
| 9 (RLIN) |
16741 |
| 245 ## - ცნობა სათაურის შესახებ |
| Title |
ნიადაგის ქიმიური ანალიზი : |
| Remainder of title |
დამხმარე სახელმძღვანელო საქ. უნივერსიტეტებში არსებული აგრარული ფაკულტეტების სამივე საფეხურის (ბაკალავრიატი, მაგისტრატურა, დოქტორანტურა) სტუდენტებისთვის / |
| Statement of responsibility, etc |
გოგოლა მარგველაშვილი ; რედაქტორი ვალერიან ცანავა. |
| 264 ## - წარმოების, გამოცემის, დისტრიბუციის და სხვა ცნობები |
| გამოცემის, წარმოების, დისტრიბუციის... ადგილი |
თბილისი : |
| გამოცემის, წარმოების, დისტრიბუციის... სახელწოდება |
საჩინო, |
| გამოცემის, წარმოების, დისტრიბუციის... თარიღი |
2019. |
| 300 ## - ფიზიკური აღწერა |
| Extent |
332 გვ. : |
| Other physical details |
ცხრ. ; |
| Dimensions |
20 სმ. |
| 504 ## - BIBLIOGRAPHY, ETC. NOTE |
| Bibliography, etc |
ბიბლიოგრაფია: გვ. 323. |
| 653 ## - INDEX TERM--UNCONTROLLED |
| Uncontrolled term |
ნიადაგის ქიმიური ანალიზი |
| 700 ## - ADDED ENTRY--PERSONAL NAME |
| Personal name |
ცანავა, ვალერიან |
| Relator term |
რედაქტორი |
| 9 (RLIN) |
23 |
| 942 ## - ADDED ENTRY ELEMENTS (KOHA) |
| Source of classification or shelving scheme |
|
| Koha item type |
წიგნი |